Central Library OPAC University of Rajshahi

Boswell on the grand tour: (Record no. 85052)

MARC details
000 -LEADER
fixed length control field 01518nam a2200301 a 4500
003 - CONTROL NUMBER IDENTIFIER
rucl marc code BD-RjUL
005 - DATE AND TIME OF LATEST TRANSACTION
control field 20250625120620.0
008 - FIXED-LENGTH DATA ELEMENTS--GENERAL INFORMATION
fixed length control field 250625s1955 nyuabc 000 0 eng
035 ## - SYSTEM CONTROL NUMBER
System control number (BD-RjUL)
040 ## - CATALOGING SOURCE
Original cataloging agency DLC
Transcribing agency ODaWU
Modifying agency OCoLC
-- DLC
-- BD-RjUL
Language of cataloging eng
041 ## - LANGUAGE CODE
Language code of text/sound track or separate title eng
082 ## - DEWEY DECIMAL CLASSIFICATION NUMBER
Edition number 23
Classification number 828.6
Author mark and year BOB 1955
100 1# - MAIN ENTRY--PERSONAL NAME
Personal name Boswell, James,
Dates associated with a name 1740-1795.
9 (RLIN) 15766
245 10 - TITLE STATEMENT
Title Boswell on the grand tour:
Remainder of title Italy, Corsica, and France, 1765-1766 /
Statement of responsibility, etc. Edited by Frank Brady and Frederick A. Pottle.
250 ## - EDITION STATEMENT
Edition statement [1st ed.]
260 ## - PUBLICATION, DISTRIBUTION, ETC. (IMPRINT)
Place of publication, distribution, etc. New York :
Name of publisher, distributor, etc. McGraw-Hill
Date of publication, distribution, etc. 1955.
300 ## - PHYSICAL DESCRIPTION
Pagination xxv, 356 p.:
Illustrations illus.;
Size 25 cm.
505 0# - FORMATTED CONTENTS NOTE
Formatted contents note Introduction, by F. Brady.--Boswell in Italy, 1765.--The journal of a tour to Corsica and memoirs of Pascal Paoli.--The voyage home, 1765-1766.--Appendix A. Correspondence with Girolama Piccolomini (Moma), 1766-1769.--Appendix B. Letters of Rousseau to Thérèse Le Vasseur.--Appendix C. Discarded portion of letter from Boswell to Rousseau.--Appendix D. Paragraphs from "The London chronicle" concerning Corsica and Boswell.
600 10 - SUBJECT ADDED ENTRY--PERSONAL NAME
Personal name Paoli, Pasquale,
Dates associated with a name 1725-1807.
651 #0 - SUBJECT ADDED ENTRY--GEOGRAPHIC NAME
Geographic name Italy
General subdivision Description and travel.
9 (RLIN) 2518
Geographic name Corsica (France)
General subdivision Description and travel.
9 (RLIN) 15769
Geographic name France
General subdivision Description and travel.
9 (RLIN) 15770
700 1# - ADDED ENTRY--PERSONAL NAME
Personal name Brady, Frank,
Relator term ed.
Personal name Pottle, Frederick A.
Fuller form of name (Frederick Albert),
Dates associated with a name 1897-1987,
Relator term ed.
942 ## - ADDED ENTRY ELEMENTS (KOHA)
Source of classification or shelving scheme Dewey Decimal Classification
Koha item type Books
Holdings
Lost status Source of classification or shelving scheme Damaged status Not for loan Collection code Permanent Location Current Location Shelving location Date acquired Total Checkouts Full call number Date last seen Copy number Koha item type
  Dewey Decimal Classification   Not For Loan Non-fiction Central Library, University of Rajshahi Central Library, University of Rajshahi Reading Room 25/06/2025   828.6 BOB 1955 25/06/2025 C-1 Books